[Event "FRA-ch op"]
[Site "Nimes"]
[Date "2014.08.20"]
[Round "4"]
[White "Jrade, Willis"]
[Black "Nolot, Clementine"]
[Result "1-0"]
[WhiteElo "1971"]
[BlackElo "1823"]
[PlyCount "69"]
[EventDate "2014.08.17"]
[EventType "swiss"]
[EventRounds "11"]
[EventCountry "FRA"]
[SourceTitle "EXT 2015"]
[Source "ChessBase"]
[SourceDate "2014.11.20"]
[SourceVersion "1"]
[SourceVersionDate "2014.11.20"]
[SourceQuality "1"]

1. e4 d5 2. exd5 Nf6 3. d4 Bg4 4. f3 Bf5 5. c4 e6 6. dxe6 Bxe6 7. Nc3 Bb4 8. Be3 Qe7 9. Qd2 Nc6 10. a3 Bxc3 11. Qxc3 0-0 12. 0-0-0 Bf5 13. g4 Nxg4 14. fxg4 Be4 15. d5 Ne5 16. Bd4 f6 17. b4 Qf7 18. g5 Bxh1 19. gxf6 gxf6 20. Bh3 Qg7 21. Be6+ Kh8 22. Ne2 Be4 23. Ng3 Bg6 24. Be3 Rfe8 25. h4 Nd3+ 26. Rxd3 Bxd3 27. Nh5 Qg6 28. Nf4 Qg7 29. Qxd3 Rf8 30. Bf5 Rfe8 31. Ne6 Qf7 32. Bd4 c6 33. Qc3 cxd5 34. Bxf6+ Kg8 35. Qg3+ 1-0

[Event "FRA-ch U18 Girls"]
[Site "Montbeliard"]
[Date "2014.04.21"]
[Round "1"]
[White "Nolot, Clementine"]
[Black "Pre, Malvina"]
[Result "1-0"]
[WhiteElo "1835"]
[BlackElo "1537"]
[PlyCount "33"]
[EventDate "2014.04.21"]
[EventType "swiss"]
[EventRounds "9"]
[EventCountry "FRA"]
[SourceTitle "CBM 160 Extra"]
[Source "ChessBase"]
[SourceDate "2014.07.01"]
[SourceVersion "1"]
[SourceVersionDate "2014.07.01"]
[SourceQuality "1"]

1. e4 c5 2. Nc3 Nc6 3. f4 e6 4. Nf3 Nf6 5. Bb5 Qc7 6. d3 d5 7. e5 Nd7 8. 0-0 a6 9. Bxc6 Qxc6 10. Qe1 b5 11. Ng5 Bb7 12. f5 d4 13. Nce4 Be7 14. fxe6 fxe6 15. Qg3 Bxg5 16. Bxg5 h6 17. Nd6+ 1-0

[Event "Agneaux St Lo op 15th"]
[Site "Agneaux"]
[Date "2013.07.10"]
[Round "5"]
[White "Nolot, Clementine"]
[Black "Lamour, Corentin"]
[Result "1-0"]
[WhiteElo "1853"]
[BlackElo "1530"]
[PlyCount "81"]
[EventDate "2013.07.07"]
[EventType "swiss"]
[EventRounds "9"]
[EventCountry "FRA"]
[SourceTitle "EXT 2014"]
[Source "ChessBase"]
[SourceDate "2013.11.20"]
[SourceVersion "1"]
[SourceVersionDate "2013.11.20"]
[SourceQuality "1"]

1. e4 e6 2. d3 d5 3. Nd2 Bc5 4. Ngf3 Nc6 5. g3 Nge7 6. Bg2 Ng6 7. 0-0 0-0 8. Re1 dxe4 9. dxe4 e5 10. Qe2 Bg4 11. h3 Bh5 12. g4 Nf4 13. Qc4 Bb6 14. gxh5 Qf6 15. Nf1 Nxh3+ 16. Kh2 Nxf2 17. Bg5 Qd6 18. Be3 Ng4+ 19. Kh1 Nxe3 20. Nxe3 Qh6 21. Nd5 Qxh5+ 22. Nh2 Bf2 23. Re2 Bg3 24. Bf3 Qh3 25. Bg4 Qh4 26. Rg1 Nd4 27. Reg2 Bf2 28. Rf1 Bg3 29. Bd1 Qxe4 30. c3 c6 31. Ne7+ Kh8 32. cxd4 Bxh2 33. Bc2 Qh4 34. Nf5 Qf6 35. Rxh2 b5 36. Qe2 Rfe8 37. Rxh7+ Kg8 38. Qh5 g6 39. Qh6 exd4 40. Rg7+ Qxg7 41. Qxg7# 1-0

[Event "FRA-ch U18 Girls"]
[Site "Saint Paul Trois Chateaux"]
[Date "2013.05.03"]
[Round "6"]
[White "Rouzes, Sibylle Anne"]
[Black "Nolot, Clementine"]
[Result "1-0"]
[WhiteElo "1582"]
[BlackElo "1858"]
[PlyCount "116"]
[EventDate "2013.04.28"]
[EventType "swiss"]
[EventRounds "9"]
[EventCountry "FRA"]
[SourceTitle "CBM 154 Extra"]
[Source "ChessBase"]
[SourceDate "2013.06.25"]
[SourceVersion "2"]
[SourceVersionDate "2013.06.25"]
[SourceQuality "1"]

1. e4 c5 2. Nf3 Nc6 3. d4 cxd4 4. Nxd4 g6 5. Nc3 Bg7 6. Be3 Nf6 7. Be2 0-0 8. 0-0 d5 9. exd5 Nxd5 10. Nxd5 Nxd4 11. Bxd4 Qxd5 12. Bxg7 Qxd1 13. Raxd1 Kxg7 14. Bf3 Be6 15. b3 Rac8 16. Rd2 b5 17. a3 Bf5 18. Rc1 Rc3 19. Re2 Kf6 20. Be4 Bxe4 21. Rxe4 Rfc8 22. Rce1 R8c7 23. g3 Rxc2 24. a4 bxa4 25. Rxa4 Rb2 26. Re3 e6 27. Kg2 g5 28. h4 h6 29. hxg5+ hxg5 30. Rf3+ Kg6 31. Re3 Rcc2 32. Rf3 f5 33. Ra6 Kf6 34. g4 f4 35. Rxa7 Rc1 36. Rh3 Kg6 37. Rah7 Kf6 38. Rb7 Rd1 39. Rb6 Rdd2 40. Rf3 Ke5 41. Rb5+ Rd5 42. Rb6 Rb1 43. Rc3 Kd4 44. Rc4+ Kd3 45. Rxe6 Rxb3 46. Rce4 Ra3 47. Re1 Ra2 48. Rd1+ Rd2 49. Rde1 Rc5 50. R6e5 Rcc2 51. Rd5+ Kc4 52. Rxd2 Rxd2 53. Re5 Rd5 54. Re4+ Kd3 55. Ra4 Kd2 56. Ra3 Ke1 57. Rf3 Rd2 58. Kg1 Ke2 1-0

[Event "FRA-ch U18 Girls"]
[Site "Saint Paul Trois Chateaux"]
[Date "2013.04.28"]
[Round "1"]
[White "Nolot, Clementine"]
[Black "Reau, Florine"]
[Result "1-0"]
[WhiteElo "1858"]
[BlackElo "1538"]
[PlyCount "49"]
[EventDate "2013.04.28"]
[EventType "swiss"]
[EventRounds "9"]
[EventCountry "FRA"]
[SourceTitle "CBM 154 Extra"]
[Source "ChessBase"]
[SourceDate "2013.06.25"]
[SourceVersion "2"]
[SourceVersionDate "2013.06.25"]
[SourceQuality "1"]

1. e4 d5 2. exd5 Qxd5 3. Nc3 Qd6 4. d4 Nf6 5. Bc4 a6 6. Nge2 Nc6 7. 0-0 Bf5 8. Bf4 e5 9. dxe5 Nxe5 10. Bxe5 Qxe5 11. Re1 Be7 12. Ng3 Qf4 13. Qe2 0-0 14. Nxf5 Bc5 15. Ne3 Rae8 16. g3 Qd6 17. Rad1 Qc6 18. Bd5 Nxd5 19. Ncxd5 Re5 20. b4 Ba7 21. Qc4 Bxe3 22. Qxc6 Bxf2+ 23. Kxf2 Rf5+ 24. Kg2 bxc6 25. Ne7+ 1-0

[Event "FRA-ch U16 Girls"]
[Site "Nimes"]
[Date "2012.04.20"]
[Round "8"]
[White "Nolot, Clementine"]
[Black "Fischer, Julie"]
[Result "1-0"]
[WhiteElo "1735"]
[BlackElo "1841"]
[PlyCount "57"]
[EventDate "2012.04.14"]
[EventType "swiss"]
[EventRounds "9"]
[EventCountry "FRA"]
[SourceTitle "CBM 148 Extra"]
[Source "ChessBase"]
[SourceDate "2012.06.22"]
[SourceVersion "1"]
[SourceVersionDate "2012.06.22"]
[SourceQuality "1"]

1. e4 c5 2. Nf3 e6 3. d3 Nc6 4. g3 Qc7 5. Bg2 d5 6. 0-0 d4 7. Re1 e5 8. Ng5 Nf6 9. f4 Bd6 10. Na3 a6 11. Nc4 0-0 12. Nxd6 Qxd6 13. Rf1 b5 14. fxe5 Nxe5 15. Bf4 Bb7 16. Bxe5 Qxe5 17. Rf5 Qe7 18. e5 Nd5 19. Nxh7 Kxh7 20. Qh5+ Kg8 21. Be4 g6 22. Rg5 Nf4 23. gxf4 Bxe4 24. dxe4 Rfc8 25. f5 Rc6 26. f6 Qf8 27. Rf1 Re8 28. Rf3 Rxe5 29. Rxg6+ 1-0

[Event "FRA-ch U16 Girls"]
[Site "Nimes"]
[Date "2012.04.18"]
[Round "6"]
[White "Navrotescu, Andreea Cristiana"]
[Black "Nolot, Clementine"]
[Result "1-0"]
[WhiteElo "2094"]
[BlackElo "1735"]
[PlyCount "49"]
[EventDate "2012.04.14"]
[EventType "swiss"]
[EventRounds "9"]
[EventCountry "FRA"]
[SourceTitle "CBM 148 Extra"]
[Source "ChessBase"]
[SourceDate "2012.06.22"]
[SourceVersion "1"]
[SourceVersionDate "2012.06.22"]
[SourceQuality "1"]

1. d4 d5 2. c4 c6 3. Nf3 Nf6 4. Nc3 dxc4 5. g3 b5 6. Bg2 Bb7 7. 0-0 e6 8. Ne5 Nd5 9. e4 Nxc3 10. bxc3 Nd7 11. f4 Nxe5 12. fxe5 Be7 13. Qg4 Bf8 14. Bg5 Qc7 15. a4 a5 16. Rf2 h6 17. Be3 b4 18. Raf1 b3 19. d5 cxd5 20. exd5 Qxe5 21. Bd4 Qg5 22. Qe2 Bxd5 23. Rxf7 0-0-0 24. Ra7 Bxg2 25. Qxe6+ 1-0

[Event "Wch U10 Girls"]
[Site "Belfort"]
[Date "2005.07.21"]
[Round "3"]
[White "Bohorquez Canizares, Maria Isabel"]
[Black "Nolot, Clementine"]
[Result "1-0"]
[WhiteElo "1599"]
[BlackElo "1599"]
[PlyCount "63"]
[EventDate "2005.07.??"]
[EventType "swiss"]
[EventRounds "11"]
[EventCountry "FRA"]
[SourceTitle "CBM 107 Extra"]
[Source "ChessBase"]
[SourceDate "2005.09.01"]
[SourceVersion "1"]
[SourceVersionDate "2005.09.01"]
[SourceQuality "1"]

1. e4 e5 2. Bc4 Nf6 3. d3 c6 4. Qe2 Be7 5. Nf3 0-0 6. Nc3 d6 7. 0-0 Bg4 8. h3 Bh5 9. Kh2 a5 10. a4 Nbd7 11. Rg1 Bxf3 12. gxf3 Re8 13. Bg5 Nb6 14. Bb3 Bf8 15. Rg3 Qe7 16. Rag1 Rad8 17. h4 d5 18. h5 d4 19. Nb1 Qd6 20. Nd2 Nxh5 21. Bxd8 Nxg3 22. fxg3 Qxd8 23. Rh1 Qf6 24. Kg1 g6 25. Nf1 h5 26. Nh2 Qg5 27. Qg2 Qc1+ 28. Kf2 Qxb2 29. g4 hxg4 30. Nxg4 Nd7 31. Nf6+ Kg7 32. Nxe8+ 1-0